The accelerated sublime : landscape, tourism, and identity (Record no. 85239)

MARC details
000 -LEADER
fixed length control field 00801 a2200265 4500
003 - CONTROL NUMBER IDENTIFIER
control field CBULib
005 - DATE AND TIME OF LATEST TRANSACTION
control field 20240829132955.0
008 - FIXED-LENGTH DATA ELEMENTS--GENERAL INFORMATION
fixed length control field 240829b |||||||| |||| 00| 0 eng d
020 ## - INTERNATIONAL STANDARD BOOK NUMBER
International Standard Book Number 9780275967093
040 ## - CATALOGING SOURCE
Language of cataloging English
Transcribing agency CBULib
Description conventions rda
041 ## - LANGUAGE CODE
Language code of text/sound track or separate title eng
050 ## - LIBRARY OF CONGRESS CALL NUMBER
Classification number G 115 Bel
100 ## - MAIN ENTRY--PERSONAL NAME
Personal name Bell, Claudia
245 ## - TITLE STATEMENT
Title The accelerated sublime : landscape, tourism, and identity
Statement of responsibility, etc / by Claudia Bell and John Lyall
260 ## - PUBLICATION, DISTRIBUTION, ETC. (IMPRINT)
Name of publisher, distributor, etc Praeger Publishers,
Date of publication, distribution, etc 2002
Place of publication, distribution, etc Westport :
300 ## - PHYSICAL DESCRIPTION
Extent xvi, 211 pages : illustrations
336 ## - CONTENT TYPE
Source rdacontent
Content type term Text |
Content type code txt
337 ## - MEDIA TYPE
Source rdamedia
Media type term Unmediated |
Media type code n
338 ## - CARRIER TYPE
Source rdacarrier
Carrier type term Volume
Carrier type code nc
650 #0 - SUBJECT ADDED ENTRY--TOPICAL TERM
9 (RLIN) 3440
Topical term or geographic name as entry element TOURISM
650 #0 - SUBJECT ADDED ENTRY--TOPICAL TERM
9 (RLIN) 3489
Topical term or geographic name as entry element LANDSCAPE
650 #0 - SUBJECT ADDED ENTRY--TOPICAL TERM
9 (RLIN) 3490
Topical term or geographic name as entry element NATIONAL CHARACTERISTICS
700 ## - ADDED ENTRY--PERSONAL NAME
9 (RLIN) 3491
Personal name Lyall, John
942 ## - ADDED ENTRY ELEMENTS (KOHA)
Source of classification or shelving scheme
Koha item type MONOGRAPH
Holdings
Withdrawn status Lost status Source of classification or shelving scheme Damaged status Not for loan Collection code Permanent Location Current Location Shelving location Date acquired Source of acquisition Total Checkouts Full call number Barcode Date last seen Copy number Price effective from Koha item type
          CBU-Lusaka Campus CBU- LUSAKA CAMPUS CBU-MAIN LIBRARY, KITWE. General Stacks 08/29/2024 DON-BOOKAID   G 155 Bel 752110 08/29/2024 1 08/29/2024 MONOGRAPH